| 000 | 00392 a2200109 4500 | ||
|---|---|---|---|
| 001 | ART_6500 | ||
| 005 | 20260410161826.0 | ||
| 008 | 260409a | ||
| 245 | 1 | 0 | _aEstado de la infancia en Mar del Plata en el contexto socioeconómico argentino durante el período 1995-2002 |
| 100 | 1 | _aLabrunée, María Eugenia | |
| 773 | 0 |
_tFACES _g- Año 9, Nº 16 (ene./abr. 2003) _wREV5046 |
|
| 999 |
_c22768 _d22768 |
||